| 000 | 00755nam a2200205 a 4500 | ||
|---|---|---|---|
| 005 | 20251204064013.0 | ||
| 008 | 991125s1982 mx 000 0 spa u | ||
| 020 | _a9688001902 | ||
| 035 | _aUPN01000007000 | ||
| 049 | _aSEP | ||
| 050 | 4 |
_aL227 D51 _bB3 1982 |
|
| 245 | 0 | 0 |
_aCatálogo : _bescuelas y carreras de educación tecnológica, 1981-82 / _cSubsecretaría de Educación e Investigación Tecnológica |
| 260 |
_aMéxico : _bSEP, Subsecretaría de Educación e Investigación Tecnológica, _c1982 |
||
| 300 | _a309 p. | ||
| 650 | 4 |
_aEnseñanza técnica _vCatálogos _920996 |
|
| 650 | 4 |
_aOrientación vocacional _95 |
|
| 710 | 1 |
_aMéxico. _bSubsecretaría de Educación e Investigación Tecnológicas _927971 |
|
| 904 |
_aAC _b007000 |
||
| 905 | _aLibro | ||
| 999 |
_c7000 _d7000 |
||